Central Library and Information Centre
Sibsagar Girls' College, Sivasagar : Assam

BIODIVERSITY & BIOTECNOLOGY (Record no. 19905)

MARC details
000 -LEADER
fixed length control field 00509cam a2200205ua 4500
008 - FIXED-LENGTH DATA ELEMENTS--GENERAL INFORMATION
fixed length control field 151217n II |||gr||||Z||||||eng
040 ## - CATALOGING SOURCE
Original cataloging agency MAIN
041 ## - LANGUAGE CODE
-- English
082 ## - DEWEY DECIMAL CLASSIFICATION NUMBER
Classification number 660.6 RAY
100 ## - MAIN ENTRY--PERSONAL NAME
Personal name RAY, SAMIT. (Ed./-).
245 ## - TITLE STATEMENT
Title BIODIVERSITY & BIOTECNOLOGY
250 ## - EDITION STATEMENT
Edition statement REP.
260 ## - PUBLICATION, DISTRIBUTION, ETC.
Place of publication, distribution, etc. GUWAHATI
Name of publisher, distributor, etc. NEW CENTRAL BOOK AGENCY
Date of publication, distribution, etc. 2012.
300 ## - PHYSICAL DESCRIPTION
Extent 360:
Dimensions 20CM.
700 ## - ADDED ENTRY--PERSONAL NAME
Personal name RAY, SAMIT.,
Relator term EDITOR.
700 ## - ADDED ENTRY--PERSONAL NAME
Personal name RAY, ARUN K.,
Relator term EDITOR.,
942 ## - ADDED ENTRY ELEMENTS (KOHA)
Koha item type Books
653 ## - INDEX TERM--UNCONTROLLED
Uncontrolled term BIOTECHNOLOGY
Holdings
Withdrawn status Lost status Damaged status Not for loan Collection code Home library Current library Shelving location Date acquired Full call number Barcode Date last seen Copy number Price effective from Koha item type Public note
        TBZOO Central Library and Information Centre Sibsagar Girls College Central Library and Information Centre Sibsagar Girls College ZOOLOGY BOOK RACK 12.12.2013 660.6 RAY 30338 27.02.2020 1 27.02.2020 Books V
        TBZOO Central Library and Information Centre Sibsagar Girls College Central Library and Information Centre Sibsagar Girls College ZOOLOGY BOOK RACK 12.12.2013 660.6 RAY 30339 27.02.2020 2 27.02.2020 Books V
        REFBOT Central Library and Information Centre Sibsagar Girls College Central Library and Information Centre Sibsagar Girls College BOTANY BOOK RACK 12.12.2013 660.6 RAY 30340 27.02.2020 3 27.02.2020 Books V


Sibsagar Girl's College © 2020. All rights reserved.
Powered by Koha.
Maintained by Abhijit Borpuzari.